|
|
|
|
| LEADER |
00000cam a2200000 7i4500 |
| 001 |
0000003461 |
| 005 |
20060322.0 |
| 020 |
0 |
0 |
|a 0198607601
|
| 090 |
0 |
0 |
|a R 025.315.3
|b DIC
|
| 245 |
0 |
2 |
|a A DICTIONARY of Earth Sciences
|c Ailsa Allaby and Michael Allaby
|
| 250 |
0 |
0 |
|a Third edition.
|
| 260 |
0 |
0 |
|a Oxford [England] ; New York :
|b Oxford University Press ,
|c 2004
|
| 300 |
|
|
|a 619 p. :
|b ill. ;
|c 20 cm.
|
| 440 |
0 |
0 |
|a Oxford paperback reference
|
| 650 |
0 |
0 |
|a Earth Sciences
|x Dictionaries
|
| 700 |
1 |
1 |
|a Allaby, Ailsa
|
| 700 |
1 |
1 |
|a Allaby, Michael
|
| 999 |
|
|
|a 0000006547
|b Monograph
|c Reference
|e Default branch
|